|
|
|
|
| LEADER |
00811nta a2200181 i 4500 |
| 001 |
dipl3045 |
| 005 |
20160523091208.0 |
| 008 |
110422s2007 hu om 0|| hun d |
| 040 |
|
|
|a SZTE Diploma Repozitórium
|b hun
|
| 041 |
|
|
|a hun
|
| 100 |
1 |
|
|a Hetyei Balázs
|
| 245 |
1 |
0 |
|a Aktív hálózati eszközök elérése telnet protokoll használatával
|h [elektronikus dokumentum] /
|c Balázs Hetyei
|
| 260 |
|
|
|c 2007-06-13
|
| 650 |
|
4 |
|a Informatika
|
| 700 |
1 |
|
|a Bilicki Vilmos
|e ths
|
| 856 |
4 |
0 |
|u http://diploma.bibl.u-szeged.hu/id/eprint/3045/1/2007_hetyei_balazs_07_43.pdf
|z Dokumentum-elérés
|
| 856 |
4 |
0 |
|u http://diploma.bibl.u-szeged.hu/id/eprint/3045/2/2007_hetyei_balazs_07_43.tar.gz
|z Dokumentum-elérés
|
| 856 |
4 |
0 |
|u http://diploma.bibl.u-szeged.hu/id/eprint/3045/3/2007_Hetyei_Balazs_07_43_biralat.pdf
|z Dokumentum-elérés
|